Catalogo de estampillas de Colombia (Record no. 2733)

000 -LEADER
fixed length control field 00326nam a22000977a 4500
008 - FIXED-LENGTH DATA ELEMENTS--GENERAL INFORMATION
fixed length control field 180423b xxu||||| |||| 00| 0 eng d
100 ## - MAIN ENTRY--AUTHOR'S NAME
Author's Name Temprano, Leo
245 ## - TITLE STATEMENT
Title Catalogo de estampillas de Colombia
260 ## - PUBLICATION, DISTRIBUTION, ETC. (IMPRINT)
Place of publication, distribution, etc. Bogata, Columbia
Name of publisher, distributor, etc. Filatelia Tematica L.T.
Date of publication, distribution, etc. 1986
650 ## - TOPICAL TERM (Tag)
Topical term or geographic name Colombia | Catalogs and Price Lists | Dealer Publications
Holdings
Withdrawn status Lost status Source of classification or shelving scheme Damaged status Koha normalized classification for sorting Not for loan Permanent Location Current Location Shelving location Date acquired Total Checkouts Full call number Barcode Date last seen Copy number Price effective from Public note
        G5290 A1 T288   Northern Philatelic Library Northern Philatelic Library General Stacks 04/23/2018   G5290 A1 T288 1005093 04/23/2018 1 04/23/2018 1986

Powered by Koha